000 00996nas a2200277 4500
001 BR9214209
003 BR-BrBNA
005 20231205093601.0
007 ta
008 230509b bl.|||p| |||| 00| 00por d
040 _aBR-BrBNA
_bpor
_cBiblioteca Nacional de Agricultura
041 _a(Pt)
072 _aL72
100 1 _aSantos, N.M.
100 1 _aTeixeira, M.C.A.
100 1 _aSilvao, C.F.
100 1 _aNeves, N.M.A.
245 1 _aFrequencia de Eimeria spp em tres granjas de frangos de corte da regiao de Conceicao de Feira, estado da Bahia, Brasil
246 1 _aFrequency of Eimeria spp from three poultry farms in the region of Conceicao de Feira, state of Bahia, Brazil
650 _aFrango de Corte
650 _aEimeriose
650 _aBahia
773 0 _tArquivos da Escola de Medicina Veterinaria da Universidade Federal da Bahia (Brazil)
_xISSN 0100-2597
_g(1991), v. 14(1) p. 142-149
_wBR9214209
909 _a202311
_bLúcia
_c55
_dLúcia Elande
942 _2AGRIS
_n0
_cANA
999 _c139296
_d139296